Abastecimiento y Tratamiento agua para un Pequeño Complejo Militar en el medio rural
El presente trabajo monográfico abarca el tema sobre abastecimiento y tratamiento de agua para el complejo militar Filemón Rivera. En el cual presenta las investigaciones de campo, realizadas para determinar la fuente a usar y su respectivo sistema de tratamiento. Se realiza un análisis de la pob...
| Main Authors: | , |
|---|---|
| Other Authors: | |
| Format: | Tesis Section = Libro |
| Language: | Undetermined Spanish |
| Published: |
Managua
UNI
1988
|
| Subjects: |
| LEADER | 01224nam a2200229Ia 4500 | ||
|---|---|---|---|
| 008 | 240830s9999 xx 000 0 und d | ||
| 040 | |a BIBLIOTECA-RUPAP MON 628.72 O74 | ||
| 041 | |a spa | ||
| 082 | |a MON 628.72 O74 | ||
| 100 | 1 | |a Orozco Solórzano, Carmen | |
| 100 | 1 | |b Duarte Blandón, María Auxiliadora | |
| 245 | 1 | 0 | |a Abastecimiento y Tratamiento agua para un Pequeño Complejo Militar en el medio rural |
| 260 | |a Managua |b UNI |c 1988 | ||
| 300 | |a 144 p. :il. | ||
| 502 | |a Tesis (Ingeniero Civil)- UNI, 1988. | ||
| 520 | 3 | |a El presente trabajo monográfico abarca el tema sobre abastecimiento y tratamiento de agua para el complejo militar Filemón Rivera. En el cual presenta las investigaciones de campo, realizadas para determinar la fuente a usar y su respectivo sistema de tratamiento. Se realiza un análisis de la población y consumo. Se muestra el cálculo del caudal de agua disponible y se presenta un estudio sobre la calidad del agua y de las alternativas para proceder al diseño de las obras de ampliación y mejoramiento. | |
| 650 | 7 | |a AGUA-ABASTECIMIENTO | |
| 650 | 7 | |b INGENIERIA SANITARIA | |
| 700 | 1 | |a Tutor: |b Vilchez H, Hilma Antonieta | |
| 942 | |c BK |2 ddc | ||
| 991 | |a TESIS | ||
| 999 | |c 16559 | ||